000 00486nam a22001817a 4500
999 _c3560
_d3560
008 200619b ||||| |||| 00| 0 eng d
020 _a08769219010
082 0 0 _a621.56
_bJ821
100 _9859
_aJordan, Richard C.
245 1 0 _aRefrigeration and air conditioning
_cby Richard C. Jordan
250 _a2nd ed.
260 _aNew Delhi
_bPrentice-Hall
_c1973
300 _axv,555p.
365 _d42.25
650 0 _aAir Conditioning
700 _9860
_aPriester, Gayle B.
942 _cBK